| 000 | 00783nam a22001817a 4500 | ||
|---|---|---|---|
| 999 |
_c63563 _d63563 |
||
| 003 | Ge_BSU | ||
| 005 | 20251030203912.0 | ||
| 008 | 251030s1971 ge ||||| |||| 00| 0 geo d | ||
| 041 | _ageo | ||
| 080 | _a908(479.224) ჯ-58 | ||
| 100 |
_aჯიჯეიშვილი, გრიგოლ _926143 |
||
| 245 |
_aსოციალისტური მშენებლობა აჭარაში : _b1921-1937 წწ. / _c გრიგოლ ჯიჯეიშვილი. |
||
| 264 |
_aბათუმი : _bსაბჭ. აჭარა, _c1971. |
||
| 300 |
_a206 გვ. ; _b 20 სმ. |
||
| 520 | _aრეზუმე რუს. ენ. | ||
| 653 | _aკომუნისტური მშენებლობა აჭარაში | ||
| 942 |
_2udc _cᲬᲘᲒᲜᲘ |
||